Testez votre rapidité - Statistiques

Statistiques générales
  • Ce quiz a été pris 2 564 fois
  • Le résultat moyen est 16 sur 64
Answers on the Grid
Answers color-coded by a green-red scale on the quiz's grid according to % correct below.
0
1
2
3
4
5
6
7
8
9
10
11
12
13
14
15
16
17
18
19
20
21
22
23
24
25
26
27
28
29
30
31
32
33
34
35
36
37
38
39
40
41
42
43
44
45
46
47
48
49
50
51
52
53
54
55
56
57
58
59
60
61
62
63
64
65
66
67
68
69
70
71
72
73
74
75
76
77
78
79
80
81
82
83
84
85
86
87
88
89
90
91
92
93
94
95
96
97
98
99
 
Statistiques - réponses
Réponse % Correct
1
36%
2
36%
3
32%
0
30%
80
27%
86
27%
16
26%
18
26%
20
26%
22
26%
26
26%
29
26%
32
26%
53
26%
81
26%
99
26%
11
25%
15
25%
19
25%
28
25%
36
25%
38
25%
39
25%
51
25%
52
25%
55
25%
58
25%
65
25%
66
25%
82
25%
91
25%
93
25%
96
25%
98
25%
10
24%
12
24%
13
24%
21
24%
25
24%
31
24%
33
24%
35
24%
5
24%
50
24%
6
24%
60
24%
61
24%
63
24%
68
24%
69
24%
83
24%
85
24%
89
24%
9
24%
90
24%
23
23%
30
23%
56
23%
59
23%
88
23%
92
23%
95
23%
62
22%
8
21%
Aucun quiz correspondant
Distribution des résultats
% des personnes avec chaque résultat
Percentile par nombre de réponses
Votre historique - résultats
Vous n’avez pas pris ce quiz